HARCOURT SCIENCE: LIFE SCIENCE UNITS A AND B (Record no. 194379)
[ view plain ]
| 000 -LEADER | |
|---|---|
| fixed length control field | 00246nam a2200097Ia 4500 |
| 050 ## - LIBRARY OF CONGRESS CALL NUMBER | |
| Classification number | Q161.2.H37.C.1 |
| 100 ## - MAIN ENTRY--PERSONAL NAME | |
| Personal name | HARCOURT |
| 245 #0 - TITLE STATEMENT | |
| Title | HARCOURT SCIENCE: LIFE SCIENCE UNITS A AND B |
| 942 ## - ADDED ENTRY ELEMENTS (KOHA) | |
| Koha item type | Long Loan Book |
| Withdrawn status | Lost status | Source of classification or shelving scheme | Damaged status | Not for loan | Collection | Home library | Current library | Shelving location | Date acquired | Inventory number | Total checkouts | Full call number | Barcode | Date last seen | Copy number | Price effective from | Koha item type |
|---|---|---|---|---|---|---|---|---|---|---|---|---|---|---|---|---|---|
| Library of Congress Classification | Science & Technology | Kisii University Library | Kisii University Library | On Display | 10/29/2024 | 66102 | q161.H37 2000 | *000000015322 | 10/29/2024 | C.1 | 10/29/2024 | Long Loan Book |